00601nam a2200193 i 450000100060000000300090000600500170001500700030003200800410003510000310007624500960010725000160020326000520021930000260027165000510029770000150034870000230036385200210038633420ES-MaACL20260305063017.0t|030202s1916 fr ||||1| fre d1 aBinet, Alfred, d1857-191114aLes enfants anormaux / cpar Alfred Binet, Th. Simon ; avec un prèface de Leon Bourgeois. a[2eme ed.]. aParís : bArmand Colin, c1916 (fA. Dersé) aXI, 211 p. ; c19 cm. 4aNiños con discapacidad mental-xEducación.1 aSimon, Th.0 aBourgeois, Léon. aES-MaACLjG-1826